<?xml version="1.0" encoding="UTF-8"?>
<record
    xmlns:xsi="http://www.w3.org/2001/XMLSchema-instance"
    xsi:schemaLocation="http://www.loc.gov/MARC21/slim http://www.loc.gov/standards/marcxml/schema/MARC21slim.xsd"
    xmlns="http://www.loc.gov/MARC21/slim">

  <leader>03309nam a2200349 a 4500</leader>
  <controlfield tag="001">000001577</controlfield>
  <controlfield tag="003">OSt</controlfield>
  <controlfield tag="005">20240228142033.0</controlfield>
  <controlfield tag="007">ta</controlfield>
  <controlfield tag="008">090623s2008    dr            000 0 spa  </controlfield>
  <datafield tag="020" ind1=" " ind2=" ">
    <subfield code="a">9789945162400</subfield>
  </datafield>
  <datafield tag="020" ind1=" " ind2=" ">
    <subfield code="a">9945162403</subfield>
  </datafield>
  <datafield tag="040" ind1=" " ind2=" ">
    <subfield code="a">DO-SdBNP</subfield>
    <subfield code="b">spa</subfield>
    <subfield code="c">BNPHU</subfield>
  </datafield>
  <datafield tag="082" ind1=" " ind2="4">
    <subfield code="a">972.9367</subfield>
    <subfield code="b">M827r</subfield>
    <subfield code="2">22</subfield>
  </datafield>
  <datafield tag="100" ind1="1" ind2=" ">
    <subfield code="a">Mora Serrano, Manuel,</subfield>
    <subfield code="c">1933-</subfield>
    <subfield code="9">5162</subfield>
  </datafield>
  <datafield tag="245" ind1="1" ind2="0">
    <subfield code="a">Revelaciones de Pimentel /</subfield>
    <subfield code="c">Manuel Mora Serranon ; introducci&#xF3;n Luis Molina Ach&#xE9;car.</subfield>
  </datafield>
  <datafield tag="260" ind1=" " ind2=" ">
    <subfield code="a">Santo Domingo :</subfield>
    <subfield code="b">Amidverza,</subfield>
    <subfield code="c">2008.</subfield>
  </datafield>
  <datafield tag="300" ind1=" " ind2=" ">
    <subfield code="a">206 p. ;</subfield>
    <subfield code="c">23 cm.</subfield>
  </datafield>
  <datafield tag="490" ind1="1" ind2=" ">
    <subfield code="a">Ediciones Amidverza ;</subfield>
    <subfield code="v">2</subfield>
  </datafield>
  <datafield tag="500" ind1=" " ind2=" ">
    <subfield code="a">Incluye biograf&#xED;a del autor en ambas solapas</subfield>
  </datafield>
  <datafield tag="500" ind1=" " ind2=" ">
    <subfield code="a">Incluye datos de la obra en la contracubierta</subfield>
  </datafield>
  <datafield tag="505" ind1="0" ind2=" ">
    <subfield code="a">Palabras introductorias -- Primera parte: paneg&#xED;ricos. Adi&#xF3;s Nolasco. Un &#xE1;ngel viejo se fue del pueblo. Las maestras heroicas de mi pueblo (a la memoria de Mar&#xED;a Eneida Rojas). Lo duro de morir joven y amando. Rogelio Cordero Castro el gran apasionado, ha muerto. Aquellas dulces se&#xF1;oras del cuaba abajo. Cuando muere aquel que lo resuelve todo. Pimentel se queda sin chuichuises y chuchuregas. Evocaci&#xF3;n de la ni&#xF1;a de la nena. Cuando muere un "poeta" de El Conde. Aquel querido vendedor de libros. A la memoria de Manuel Mar&#xED;a Mora Jim&#xE9;nez. El descanso de la madre ineludible. A qu&#xE9; sabr&#xE1; un d&#xED;a de las madres sin mam&#xE1;. Bol&#xED;var Lora un gourmet de la vida. El legendario Tom&#xE1;s Taveras que amaba caballos. Adi&#xF3;s al caballero V&#xED;ctor de la Cruz. El homenaje de Pimentel a Freddy Gat&#xF3;n Arce. Cuando un bohemio muere. En la muerte de un personaje popular. Una chichigua de oro para Joaqu&#xED;n Arismendy. El tr&#xE1;nsito de Rosa Leda P&#xE9;rez. Bienvenido Brens y Luis Kalaff. Aquella inolvidable Ana Almonte. Fellito "Man&#xED;" S&#xE1;nchez, le puso apellido a mi pueblo. Despedida a Payano Rojas -- Segunda parte: cr&#xF3;nicas. Cuando se dice adi&#xF3;s a los hijos crecidos. Un pe&#xF3;n de cami&#xF3;n llamado Nietzsche. T&#xE9;cnica de la narraci&#xF3;n deportiva: el fen&#xF3;meno Mendy L&#xF3;pez. El d&#xED;a que Pimentel vuelva a florecer sus rieles. Pimentele&#xF1;os que triunfan en la vida. La historia del gallo de hojalata de los Munn&#xE9;. An&#xE9;cdotas de Moreno Jimenes en Pimentel. La loca idea de un museo aldeano. La nostalgia de los pueblos. La saga de los &#xE1;rabes de mi pueblo. Esa sana alegr&#xED;a de juntarse con los amigos. El primer centenario de Pimentel. Meditaci&#xF3;n de Tiberio Castellanos sobre la pobreza nacional. Chanita Rosario cumple cien a&#xF1;os.</subfield>
  </datafield>
  <datafield tag="505" ind1="0" ind2=" ">
    <subfield code="a">La aventura literaria de Amidverza 1. La aventura literaria de Amidverza 2. La esperanza de H&#xE9;ctor Polanco P&#xE9;rez. De rieles y Pimentel. La increible historia de Cayuya. A prop&#xF3;sito de Pimentel de nuestros amores. Cuando las hermanas queridas se van. Las semanas santas de mi infancia. Sucede que me estoy poniendo viejo. Pimentel en el siglo XXI.</subfield>
  </datafield>
  <datafield tag="590" ind1=" " ind2=" ">
    <subfield code="a">Inventariado, 2020 /LP</subfield>
  </datafield>
  <datafield tag="650" ind1=" " ind2="4">
    <subfield code="a">Ciudades y pueblos</subfield>
    <subfield code="z">Rep&#xFA;blica Dominicana</subfield>
    <subfield code="9">784</subfield>
  </datafield>
  <datafield tag="651" ind1=" " ind2="4">
    <subfield code="a">Pimentel ( San Francisco de Macor&#xED;s, Rep&#xFA;blica Dominicana)</subfield>
    <subfield code="x">Historia local</subfield>
    <subfield code="9">5163</subfield>
  </datafield>
  <datafield tag="651" ind1=" " ind2="4">
    <subfield code="a">Pimentel (San Francisco de Macor&#xED;s, Rep&#xFA;blica Dominicana)</subfield>
    <subfield code="x">Vida social y costumbres</subfield>
    <subfield code="9">5164</subfield>
  </datafield>
  <datafield tag="700" ind1="1" ind2="2">
    <subfield code="a">Molina Ach&#xE9;car, Luis</subfield>
    <subfield code="9">5165</subfield>
  </datafield>
  <datafield tag="830" ind1=" " ind2="0">
    <subfield code="a">Ediciones Amidverza ;</subfield>
    <subfield code="n">2</subfield>
    <subfield code="9">5166</subfield>
  </datafield>
  <datafield tag="910" ind1=" " ind2=" ">
    <subfield code="a">Validado. Control de calidad BNPHU</subfield>
  </datafield>
  <datafield tag="942" ind1=" " ind2=" ">
    <subfield code="2">ddc</subfield>
    <subfield code="c">LBS1</subfield>
  </datafield>
  <datafield tag="952" ind1=" " ind2=" ">
    <subfield code="0">0</subfield>
    <subfield code="1">0</subfield>
    <subfield code="2">ddc</subfield>
    <subfield code="5">6</subfield>
    <subfield code="7">0</subfield>
    <subfield code="8">DS</subfield>
    <subfield code="a">BNPHU</subfield>
    <subfield code="b">GR</subfield>
    <subfield code="c">HD</subfield>
    <subfield code="d">2009-09-22</subfield>
    <subfield code="i">LF1</subfield>
    <subfield code="l">0</subfield>
    <subfield code="o">BNPHU DS 972.9367 M827r</subfield>
    <subfield code="p">1577-30</subfield>
    <subfield code="r">2020-06-25</subfield>
    <subfield code="t">e. 3</subfield>
    <subfield code="w">2020-06-25</subfield>
    <subfield code="y">LFDS</subfield>
  </datafield>
  <datafield tag="952" ind1=" " ind2=" ">
    <subfield code="0">0</subfield>
    <subfield code="1">0</subfield>
    <subfield code="2">ddc</subfield>
    <subfield code="5">6</subfield>
    <subfield code="7">0</subfield>
    <subfield code="8">DS</subfield>
    <subfield code="a">BNPHU</subfield>
    <subfield code="b">GR</subfield>
    <subfield code="c">HD</subfield>
    <subfield code="d">2015-02-12</subfield>
    <subfield code="i">LF1</subfield>
    <subfield code="l">0</subfield>
    <subfield code="o">BNPHU DS 972.9367 M827r</subfield>
    <subfield code="p">1577-40</subfield>
    <subfield code="r">2020-06-25</subfield>
    <subfield code="t">e. 4</subfield>
    <subfield code="w">2020-06-25</subfield>
    <subfield code="y">LFDS</subfield>
  </datafield>
  <datafield tag="952" ind1=" " ind2=" ">
    <subfield code="0">0</subfield>
    <subfield code="1">0</subfield>
    <subfield code="2">ddc</subfield>
    <subfield code="5">1</subfield>
    <subfield code="7">1</subfield>
    <subfield code="8">PD</subfield>
    <subfield code="a">BNPHU</subfield>
    <subfield code="b">PD</subfield>
    <subfield code="c">HD</subfield>
    <subfield code="d">2009-09-22</subfield>
    <subfield code="i">LF1</subfield>
    <subfield code="l">0</subfield>
    <subfield code="o">BNPHU PD 972.9367 M827r</subfield>
    <subfield code="p">1577-10</subfield>
    <subfield code="r">2020-06-25</subfield>
    <subfield code="w">2020-06-25</subfield>
    <subfield code="y">LFPD</subfield>
  </datafield>
  <datafield tag="952" ind1=" " ind2=" ">
    <subfield code="0">0</subfield>
    <subfield code="1">0</subfield>
    <subfield code="2">ddc</subfield>
    <subfield code="5">3</subfield>
    <subfield code="7">2</subfield>
    <subfield code="8">PD</subfield>
    <subfield code="a">BNPHU</subfield>
    <subfield code="b">PD</subfield>
    <subfield code="c">HD</subfield>
    <subfield code="d">2009-09-22</subfield>
    <subfield code="i">LF1</subfield>
    <subfield code="l">0</subfield>
    <subfield code="o">BNPHU PD 972.9367 M827r</subfield>
    <subfield code="p">1577-20</subfield>
    <subfield code="r">2020-06-25</subfield>
    <subfield code="t">e. 2</subfield>
    <subfield code="w">2020-06-25</subfield>
    <subfield code="y">LFPD</subfield>
  </datafield>
  <datafield tag="999" ind1=" " ind2=" ">
    <subfield code="c">1473</subfield>
    <subfield code="d">1473</subfield>
  </datafield>
</record>
